Catálogo
 En Linea

Lastenia Tello de Michelena : (Registro nro. 14536)

Detalles MARC
000 -CABECERA
campo de control de longitud fija 01184cam a2200289 a 4500
001 - NÚMERO DE CONTROL
campo de control 000014961
005 - FECHA Y HORA DE LA ÚLTIMA TRANSACCIÓN
campo de control 20200929163930.0
008 - DATOS DE LONGITUD FIJA--INFORMACIÓN GENERAL
campo de control de longitud fija 990224s1998 ve ac c 001 0 spa d
020 ## - NÚMERO INTERNACIONAL ESTÁNDAR DEL LIBRO
Número Internacional Estándar del Libro 9803510193
040 ## - FUENTE DE LA CATALOGACIÓN
Centro catalogador/agencia de origen DO-SdBNP
Lengua de catalogación spa
Centro/agencia transcriptor DLC
Centro/agencia modificador BNPHU
082 ## - NÚMERO DE LA CLASIFICACIÓN DECIMAL DEWEY
Número de clasificación 700
Número de documento/Ítem V945L
049 ## - FONDOS LOCALES (OCLC)
Fondos de biblioteca BNGR
100 1# - ENTRADA PRINCIPAL--NOMBRE DE PERSONA
Nombre de persona Von Dangel, Miguel,
Fechas asociadas al nombre 1946-
9 (RLIN) 33866
245 10 - MENCIÓN DE TÍTULO
Título Lastenia Tello de Michelena :
Resto del título la saga de una pasión /
Mención de responsabilidad, etc. Miguel von Dangel.
260 ## - PUBLICACIÓN, DISTRIBUCIÓN, ETC.
Lugar de publicación, distribución, etc. Caracas, Venezuela :
Nombre del editor, distribuidor, etc. Consejo Nacional de la Cultura,
-- Fundación Museo Arturo Michelena,
Fecha de publicación, distribución, etc. 1998.
300 ## - DESCRIPCIÓN FÍSICA
Extensión 37 p. :
Otras características físicas il., retrs. ;
Dimensiones 27 cm.
490 1# - MENCIÓN DE SERIE
Mención de serie Exposición
Designación de volumen o secuencia 15
490 1# - MENCIÓN DE SERIE
Mención de serie Catálogo
Designación de volumen o secuencia 14
500 ## - NOTA GENERAL
Nota general Exposición realizada en Caracas en el Museo Arturo Michelena, julio de 1998.
600 14 - PUNTO DE ACCESO ADICIONAL DE MATERIA--NOMBRE DE PERSONA
Nombre de persona VON DANGEL, MIGUEL,
Fechas asociadas al nombre 1946-
Subdivisión de forma EXPOSICIONES
9 (RLIN) 33867
600 14 - PUNTO DE ACCESO ADICIONAL DE MATERIA--NOMBRE DE PERSONA
Nombre de persona MICHELENA, ARTURO,
Fechas asociadas al nombre 1863-1898
Subdivisión de forma EXPOSICIONES.
9 (RLIN) 33868
700 1# - PUNTO DE ACCESO ADICIONAL--NOMBRE DE PERSONA
Nombre de persona Michelena, Arturo,
Fechas asociadas al nombre 1863-1898.
9 (RLIN) 33864
710 2# - PUNTO DE ACCESO ADICIONAL--NOMBRE DE ENTIDAD CORPORATIVA
Nombre de entidad corporativa o nombre de jurisdicción como elemento de entrada Museo Arturo Michelena (Caracas, Venezuela)
9 (RLIN) 33869
830 #0 - PUNTO DE ACCESO ADICIONAL DE SERIE-TÍTULO UNIFORME
Título uniforme Exposición (Fundación Museo Arturo Michelena) ;
Designación de volumen o secuencia 15
9 (RLIN) 33870
830 #0 - PUNTO DE ACCESO ADICIONAL DE SERIE-TÍTULO UNIFORME
Título uniforme Catálogo (Fundación Museo Arturo Michelena) ;
Designación de volumen o secuencia 14
9 (RLIN) 33871
910 ## - DATOS DE OPCIÓN DEL USUARIO (OCLC)
Datos de opción del usuario Catalogación por copia / LC
Existencias
Estado de retiro Estado de pérdida Restricciones de uso No para préstamo Código de colección Localización permanente Ubicación/localización actual Ubicación en estantería Fecha de adquisición Número de inventario Total de préstamos Signatura topográfica completa Código de barras Fecha visto por última vez Precio válido a partir de Tipo de ítem Koha Número de copia
        Monografías: Libros y Folletos General General En catalogación 27.01.2010 LF1   700 V945L 14961-10 25.06.2020 25.06.2020 Préstamo en sala  
      Excluido de préstamo Monografías: Libros y Folletos General General En catalogación 27.01.2010 LF1   700 V945L 14961-20 25.06.2020 25.06.2020 No se presta e.2

Con tecnología Koha